00433nam a2200157Ia 4500008004100000040001900041041001200060082002900072100002200101245004200123260003200165300001900197650002000216700001700236850002200253131103s9999 xx 000 0 und d aLoreto College aEnglish a891.443/TAGbLCLIB/16906 aTagore, Abanindra aGhoroacAbanindra Tagore & Rani Chand aCalcuttabBiswabhartic1962 a125p. c 23cm. aBengali fiction aChanda, Rani aLCLIB/891.443/TAG